00408nam a2200133 i 4500001000300000100001900003245006700022260001900089040000800108041000800116080001100124008004100135856009800176bg1 aBOYD, R. L. F. 0aSpace physics :bthe study of plasmas in space /cR.L.F. Boyd. aOxford,c1974. cBPK apol a532.62 s pl f |000 0 pol  uhttp://koha.tu.koszalin.pl/cgi-bin/koha/opac-detail.pl?biblionumber=16800yKatalog online BPK